Name the artist by their disco single - Statistics

General Stats
  • This quiz has been taken 18 times
  • The average score is 24 of 63
Answer Stats
Song Artist % Correct
Stayin' Alive Bee Gees
94%
Gimme! Gimme! Gimme! (A Man After Midnight) ABBA
88%
Another One Bites the Dust Queen
88%
YMCA The Village People
88%
Heart of Glass Blondie
81%
I Will Survive Gloria Gaynor
81%
Got to Give It Up Marvin Gaye
75%
Another Brick in the Wall (Part II) Pink Floyd
75%
Da Ya Think I'm Sexy? Rod Stewart
75%
I'm Coming Out Diana Ross
69%
We Are Family Sister Sledge
69%
Good Times Chic
63%
Car Wash Rose Royce
63%
I Feel Love Donna Summer
63%
Boogie Wonderland Earth, Wind & Fire
63%
I Was Made For Loving You KISS
63%
Funkytown Lipps Inc.
63%
Don't Stop 'Til You Get Enough Michael Jackson
56%
You're the First, the Last, My Everything Barry White
50%
Daddy Cool Boney M.
50%
Kung Fu Fighting Carl Douglas
50%
Let's Dance David Bowie
50%
Ring My Bell Anita Ward
44%
Get Lucky Daft Punk
44%
Rock Your Baby George McCrae
44%
Born to Be Alive Patrick Hernandez
44%
I'm Every Woman Chaka Khan
38%
Miss You The Rolling Stones
38%
Rock the Boat The Hues Corporation
38%
Give Me the Night George Benson
31%
From Here to Eternity Giorgio Moroder
31%
Get Down Tonight KC and the Sunshine Band
31%
Lady Marmalade Labelle
31%
You Make Me Feel (Mighty Real) Sylvester
31%
Disco Inferno The Trammps
31%
The Hustle Van McCoy
31%
Yes Sir, I Can Boogie Baccara
25%
Rockin' Chair Gwen McCrae
25%
Hung Up Madonna
25%
I Wanna Be Your Lover Prince
25%
Fly, Robin, Fly Silver Convention
25%
Don't Leave Me This Way Thelma Houston
25%
And the Beat Goes On The Whispers
25%
I Love the Nightlife (Disco 'Round) Alicia Bridges
19%
Don't Start Now Dua Lipa
19%
Shame Evelyn "Champagne" King
19%
Disco Lady Johnnie Taylor
19%
Ain't No Stoppin' Us Now McFadden & Whitehead
19%
Forget Me Nots Patrice Rushen
19%
I Feel It Coming The Weeknd
19%
Goodnight Tonight Wings
19%
Got to Be Real Cheryl Lynn
13%
Never Too Much Luther Vandross
13%
Best of My Love The Emotions
13%
Love's Theme The Love Unlimited Orchestra
13%
A Fifth of Beethoven Walter Murphy and the Big Apple Band
13%
Magic Kylie Minogue
6%
Gigolo Mary Wells
6%
Give It to Me Baby Rick James
6%
It's a Disco Night (Rock Don't Stop) The Isley Brothers
6%
Dancing Machine The Jackson 5
6%
Supernature Cerrone
0%
Spotlight Jessie Ware
0%
No matching quizzes found
Score Distribution
Percent of People with Each Score
Percentile by Number Answered
Your Score History
You have not taken this quiz